000 00876nam a2200265Ia 4500
003 OSt
005 20220927115029.0
006 a|||||r|||| 00| 0
007 ta
008 220926b |||||||| |||| 00| 0 eng d
024 _a77683
037 _cThesis and Dissertations
040 _aRTL
_cRTL
_beng
041 _2eng
_aeng
082 _a"X9:89P:(B).2.N6, K9"
100 _aBenerji Asit
_9390107
110 _aDepartment of Economics. University of Delhi
_9390108
245 0 _aCapital intensity and economic effeficiency in Ind
260 _aDelhi
_bUniversity of Delhi India
_c1969
500 _aResearch guide K. L. Krishna
650 _aOffice Management
700 _aDepartment of Economics. University of Delhi
_9390109
942 _h"X9:89P:(B).2.N6, K9"
_cCC
999 _c705474
_d705474